01634 2200229 4500001002100000005001500021035002000036245012300056100003000179300004600209700002500255260003000280082000800310084001400318020002200332650002200354520093000376008004101306990001901347990001901366990001901385INLIS00000000001492020251028030546 a0010-10250000601 aAneka ide desain arsitektur rumah tinggal dan rumah toko (ruko) :barchitecture idea book /cYohanes Christianto Johan0 aYohanes Christianto Johan avi, 82 hlm.; 28 cm. :bIlustrasi berwarna0 aL. Mayasari (editor) aYogyakarta :bAndi,c2018 a729 a729 YOH a a978-979-29-7007-4 aDesain arsitektur aBuku desain rumah ini merupakan kumpulan dari ide desain rumah yang dihasilkan berdasarkan proses diskusi dengan pemilik, sehingga ide desain rumah yang ditampilkan berusaha menjawab kebutuhan dan kekhasan dari masing-masing pemilik. Penulis berusaha menampilkan analisa lebih dalam mengenai kebutuhan ruang yang berbeda untuk setiap penghuninya untuk kemudian menampilkan desain bangunan dan menjabarkannya dalam analisa denah dan perspektif. Secara lengkap dalam buku ini juga dibahas mengenai data tanah, apa saja keinginan pemilik, serta analisa alternatif desain dari program ruang hingga bentuk pengubahan 3 dimensi. Materi-materi dalam buku ini sekaligus dapat menjadi studi kasus yang menarik dalam proses perancangan bangunan berdasarkan kebutuhan masing-masing pemilik. Dengan begitu, buku ini menjadi salah satu media yang bisa memberi inspirasi dalam pembangunan atau renovasi rumah tinggal maupun rumah toko.251028 d 0 ind  a025.4403/PC/25 a025.4404/PC/25 a025.4405/PC/25